Po bájkach a epigramoch si chcel vyskúšať svoje sily v lyrike literáta Jozefa Dzurjaka trápi, že mladým chýba slovná zásoba na pomenovanie pojmov, súvisiacich s láskou a erotikou

Podrobná bibliografia
Hlavný autor: jr (Author)
Médium: Článok
Jazyk:Slovak
Témy:
Zdroj: 1. Košický večer. Korzár 1. Roč. 18 (41), č. 3 (2009), s. 4 1. 1336-5320
LEADER 00987nab#a2200337#ar4500
001 000104549
003 SVKKK
005 20110406104820.0
008 110406c2009 xo |||||||||||||||b|slo
FMT
038 |a SVKKK 
040 |a SVKKK  |b slo  |e AACR2 
041 0 |a slo 
044 |a xo  |c SK 
080 |a 82-7  |2 1997 
080 |a 82-14  |2 1997 
080 |a 929 Dzurjak, Jozef  |2 1997 
100 1 |a jr  |4 aut 
245 1 0 |a Po bájkach a epigramoch si chcel vyskúšať svoje sily v lyrike  |b literáta Jozefa Dzurjaka trápi, že mladým chýba slovná zásoba na pomenovanie pojmov, súvisiacich s láskou a erotikou  |c jr 
300 |b Fotogr. 
600 1 4 |a Dzurjak, Jozef  |d 1953-  |z Košice (Slovensko)  |x pôsobenie 
650 0 4 |a literárna tvorba 
651 4 |a Košice (Slovensko) 
773 0 |t Košický večer. Korzár  |g Roč. 18 (41), č. 3 (2009), s. 4  |x 1336-5320 
958 |a LX 
958 |a BX 
974 |a Ma 
992 |a RBX 
BAS
852 |a SVKKK  |b BIB 
998 |a REG